Central Library OPAC University of Rajshahi

Currents and mesons / (Record no. 67898)

MARC details
000 -LEADER
fixed length control field 00805nam a2200265 a 4500
001 - CONTROL NUMBER
control field 67898
003 - CONTROL NUMBER IDENTIFIER
rucl marc code BD-RjUL
005 - DATE AND TIME OF LATEST TRANSACTION
control field 20211209081714.0
008 - FIXED-LENGTH DATA ELEMENTS--GENERAL INFORMATION
fixed length control field 170329s1969 ilu b 000 0 eng
035 ## - SYSTEM CONTROL NUMBER
System control number (BD-RjUL)68107
040 ## - CATALOGING SOURCE
Original cataloging agency DLC
Transcribing agency DLC
Modifying agency BD-RjUL
Language of cataloging eng
041 ## - LANGUAGE CODE
Language code of text/sound track or separate title eng
082 00 - DEWEY DECIMAL CLASSIFICATION NUMBER
Classification number 539.72162
Edition number 23
Author mark and year SAC 1969
100 1# - MAIN ENTRY--PERSONAL NAME
Personal name Sakurai, J. J.
Fuller form of name (Jun John),
Dates associated with a name 1933-1982.
9 (RLIN) 201277
245 10 - TITLE STATEMENT
Title Currents and mesons /
Statement of responsibility, etc. J. J. Sakurai.
260 ## - PUBLICATION, DISTRIBUTION, ETC. (IMPRINT)
Place of publication, distribution, etc. Chicago :
Name of publisher, distributor, etc. University of Chicago Press,
Date of publication, distribution, etc. 1969.
300 ## - PHYSICAL DESCRIPTION
Pagination 169 p. ;
Size 21 cm.
504 ## - BIBLIOGRAPHY, ETC. NOTE
Bibliography, etc Includes bibliographical references.
650 #0 - SUBJECT ADDED ENTRY--TOPICAL TERM
Topical term or geographic name as entry element Mesons.
9 (RLIN) 200633
Topical term or geographic name as entry element Algebra of currents.
9 (RLIN) 201278
830 ## - SERIES ADDED ENTRY--UNIFORM TITLE
Uniform title Chicago lectures in physics
942 ## - ADDED ENTRY ELEMENTS (KOHA)
Source of classification or shelving scheme Dewey Decimal Classification
Koha item type Books
Holdings
Lost status Source of classification or shelving scheme Damaged status Not for loan Collection code Permanent Location Current Location Shelving location Date acquired Source of acquisition Cost, normal purchase price Total Checkouts Full call number Date last seen Copy number Koha item type
  Dewey Decimal Classification   Not For Loan Non-fiction Central Library, University of Rajshahi Central Library, University of Rajshahi Reading Room 10/02/1970 Zeitlinger 18.00   539.72162 SAC 1969 29/03/2017 C-1 Books
  Dewey Decimal Classification     Non-fiction Central Library, University of Rajshahi Central Library, University of Rajshahi   23/01/1971 Zeitlinger 18.00   539.72162 SAC 1969 14/05/2017 C-2 Books